macroeconomics: (Record no. 9135)
[ view plain ]
| 000 -LEADER | |
|---|---|
| fixed length control field | 00481nam a22001817a 4500 |
| 003 - CONTROL NUMBER IDENTIFIER | |
| control field | OSt |
| 005 - DATE AND TIME OF LATEST TRANSACTION | |
| control field | 20240710103848.0 |
| 008 - FIXED-LENGTH DATA ELEMENTS--GENERAL INFORMATION | |
| fixed length control field | 240710b |||||||| |||| 00| 0 eng d |
| 020 ## - INTERNATIONAL STANDARD BOOK NUMBER | |
| International Standard Book Number | 0471068950 |
| 040 ## - CATALOGING SOURCE | |
| Transcribing agency | MUST |
| 082 ## - DEWEY DECIMAL CLASSIFICATION NUMBER | |
| Edition number | 22 |
| Classification number | 339 MIL 2002 |
| 100 ## - MAIN ENTRY--PERSONAL NAME | |
| Personal name | Miles, David K |
| 9 (RLIN) | 18603 |
| 245 ## - TITLE STATEMENT | |
| Title | macroeconomics: |
| Remainder of title | understanding the wealth of nations/ |
| Statement of responsibility, etc. | David K Miles |
| 300 ## - PHYSICAL DESCRIPTION | |
| Extent | 190p. |
| Other physical details | ill. |
| Dimensions | 27cm |
| 650 ## - SUBJECT ADDED ENTRY--TOPICAL TERM | |
| Source of heading or term | Macroeconomics |
| 700 ## - ADDED ENTRY--PERSONAL NAME | |
| Relator code | Scott, Andrew J |
| 942 ## - ADDED ENTRY ELEMENTS (KOHA) | |
| Source of classification or shelving scheme | Dewey Decimal Classification |
| Koha item type | Open Shelf |
| Withdrawn status | Lost status | Source of classification or shelving scheme | Damaged status | Not for loan | Home library | Current library | Date acquired | Source of acquisition | Inventory number | Total Checkouts | Full call number | Barcode | Date last seen | Price effective from | Koha item type |
|---|---|---|---|---|---|---|---|---|---|---|---|---|---|---|---|
| Other/Generic Classification Scheme | MUST Main Library | MUST Main Library | 10/07/2024 | Purchase | 05/24257 | 339 MIL 2002 | 2024-21892 | 10/07/2024 | 10/07/2024 | Open Shelf | |||||
| Dewey Decimal Classification | MUST Main Library | MUST Main Library | Purchase | 05/24201 | 339 MIL 2002 | 2024-22034 | 17/07/2024 | Open Shelf |
